山形市?山県市? - Statistics

General Stats
  • This quiz has been taken 50 times
  • The average score is 9 of 10
Answer Stats
Hint Explanation Answer % Correct
人口は県内最多 山形市:約23万人
山県市:約2.3万人
(参考:岐阜市:約40万人)
山形市
98%
平成の大合併で誕生 2003年、山県郡高富町、伊自良村、美山町が合併 山県市
96%
市内に夏の甲子園出場経験のある高校がある 日本大学山形高等学校、山形中央高等学校など、6校 山形市
96%
市域は旧南村山郡・東村山郡 山形市
93%
市内に国立大学がある 山形大学がある。 山形市
93%
市内に鉄道は通っていない 山県市
91%
二桁国道が通っている 山形市:国道13、48、112、286、348、458号
山県市:国道256、418号
山形市
84%
市外局番は0581 山形市は023 山県市
76%
深瀬白山神社がある 拝殿は国の重要文化財 山県市
69%
面積は約381㎢ 山形市:381.30㎢
(境界未定部分あり)
山県市:221.98㎢
山形市
58%
No matching quizzes found
Score Distribution
Percent of People with Each Score
Percentile by Number Answered
Your Score History
You have not taken this quiz